000 00196 a2200097 4500
001 21497
100 _aPreece, Warren E
245 _aEncyclopedia
260 _a
_bBenton
_c
090 _c15124
_d15124
942 _aNUST-CAE
_cM
_c5697
999 _c256570
_d256570